Регионална библиотека "Любен Каравелов" - Русе

Психология на личността (Запис номер 57337)

MARC детайли
000 -Лидер
Контролно поле с фиксирана дължина 00981nam a2200301 c 4500
003 - Код на организацията, давaща контролен номер
Контролно поле BLK
005 - Дата и час на последна редакция
Контролно поле 20221012155955.0
008 - Елементи от данни с фиксирана дължина
fixed length control field 180408b bul|||||r ||||||| ||bul||
010 ## - Наследен системен номер
LC control number KNG00061334000
040 ## - Източник на каталожния запис
Идентификатор на билиотеката - собственик на записа BLK
041 ## - Код за език
Код за езика на текст/звукозапис или на отделно заглавие Български
Код за езика КДБФ Български
080 ## - УДК
Текстов определител УДК Психология
УДК код - определител по УДК 159.9
УДК - код + определител 159.9
100 1# - Редна дума - Автор
Автор Петков, Асен
Авторска отговорност първи автор
R(LIN) 369484
139 ## - Редно поле
Редна дума Петков, Асен
Авторски знак Петко - П 44
245 10 - Сведения за заглавието
Заглавие Психология на личността
Подзаглавни данни Изследване
Редно поле (дума) Асен Петков.
257 ## - Страна на издаване
Страна на създаване/издаване България
260 ## - Област на издателските данни
Място на издаване, разпространение и проч. София
Име на издателя, разпространителя и проч. Наука и изкуство
Година на издаване 1976
Печатница Ямбол : Г. Димитров
300 ## - Физическа характеристика
Страници 302 с.
Размери/Мащаб 20 см
380 ## - Жанр
Жанр Философия
504 ## - Забележка за наличие на библиография и др
Забележка за наличие на библиография и под. Библиогр. под линия.
650 #4 - Допълнително описание по предмет – тема
Основно описание – тема или топоним Личност
9 (RLIN) 160674
653 ## - Ключова дума – ненормативна
Ключова дума психология на личността
852 ## - Местоположение
Форматна сигнатура Цб 79826
856 4# - Електронен адрес и достъп
Електронен формат pdf - файл
Инструкция (цена за достъп) 0.00
Права за достъп disable
856 4# - Електронен адрес и достъп
Електронен формат pdf - файл
Инструкция (цена за достъп) 0.00
Права за достъп disable
999 ## - СИСТЕМНИ КОНТРОЛНИ НОМЕРА
Koha biblionumber 57337
Koha biblioitemnumber 57337
942 ## - АРТИКУЛИ
Вид на библиотечния материал Книги
Скрит в OPAC Не
Koha issues (borrowed), all copies 2
Периодичен библиозапис Да
944 ## - СЪЗДАВАНЕ И РЕДАКЦИЯ на ЗАПИСА
Създаване/Редакция Създаване
Дата на регистрацията/редакция 13.06.2004
Служител, извършил регистрацията/редакцията Геновева_Генчева
944 ## - СЪЗДАВАНЕ И РЕДАКЦИЯ на ЗАПИСА
Създаване/Редакция Редакция
Дата на регистрацията/редакция 27.09.2006
999 ## - СИСТЕМНИ КОНТРОЛНИ НОМЕРА
Koha biblioitemnumber 57337
Наличности
Код за отписване Код за изгубен артикул Източник на класификационната схема Код за повреда Коз за рестрикции Код за отдаване Артикулен № Име на библиотеката - собственик Име на библиотеката, в която се намира в момента Статус (Текущо местоположение) Дата на вписване в системата Местоположение - отдел Цена в лева Инвентарен номер Систематично азбучна сигнатура Баркод Номер на екземпляра Цена в евро Служебна бележка Служебен тип на артикула
  Не е изгубен Universal Decimal Classification Не е повреден само за читалня ползва се в читалня 92742 Регионална библиотека "Любен Каравелов" Русе Регионална библиотека "Любен Каравелов" Русе Хранилище 1976-01-01 Хранилище 0.92 201368 Цб 79826 120000201368 1 0.47 Дост: Dp Вид: Д N: стар фонд Дата: 01.01.1976 Книги
Изтеглен Не е изгубен Universal Decimal Classification Не е повреден без рестрикции заемане за дома 92743 Регионална библиотека "Любен Каравелов" Русе Регионална библиотека "Любен Каравелов" Русе Заемна - подръчен фонд 1976-01-01 Заемна - подръчен фонд 0.92 202302 П 159.9/П 44 202302 2 0.47 Дост: Pk Вид: Ф N: стар фонд Дата: 01.01.1976 Дата инв: 01.02.2018 Бележки инв: П2018 Книги
Изтеглен Не е изгубен Universal Decimal Classification Не е повреден без рестрикции заемане за дома 92744 Регионална библиотека "Любен Каравелов" Русе Регионална библиотека "Любен Каравелов" Русе Заемна - подръчен фонд 1976-01-01 Заемна - подръчен фонд 0.92 202303 П 159.9/П 44 202303 3 0.47 Дост: Pk Вид: Ф N: стар фонд Дата: 01.01.1976 Дата инв: 01.02.2018 Бележки инв: П2018 Книги
Изтеглен Не е изгубен Universal Decimal Classification Не е повреден без рестрикции заемане за дома 92745 Регионална библиотека "Любен Каравелов" Русе Регионална библиотека "Любен Каравелов" Русе Заемна - подръчен фонд 1976-01-01 Заемна - подръчен фонд 0.92 202306 П 159.9/П 44 202306 4 0.47 Дост: Pk Вид: Ф N: стар фонд Дата: 01.01.1976 Дата инв: 01.02.2018 Бележки инв: П2018 Книги
  Не е изгубен Universal Decimal Classification Не е повреден   заемане за дома 957635 Регионална библиотека "Любен Каравелов" Русе Регионална библиотека "Любен Каравелов" Русе Заемна - подръчен фонд 2025-01-08 Заемна - подръчен фонд 3.50 120000916418 159.9/П 44 А 120000916418   1.79   Книги
Vip Innovations Ltd, Rousse, Bulgaria 2025